000 00369 a2200145 4500
001 151442
040 _cEscola São Tomás de Aquino
100 _aTRINDADE, Maria Zélia Damásio
240 1 0 _aOuro Preto também para crianças
_lpor
245 1 0 _aOuro Preto também para crianças
300 _a60
362 0 _a2010
697 _a*LITERATURA INFANTO
942 _cBK
999 _c151442
_d151442